| 000 | 01274naa a22003377a 4500 | ||
|---|---|---|---|
| 001 | BR6200182 | ||
| 003 | BR-BrBNA | ||
| 005 | 20240918173243.0 | ||
| 007 | ta | ||
| 008 | 230509b bl.||||| |||| 00| 0 por d | ||
| 040 |
_aBR-BrBNA _bpor _cBiblioteca Nacional de Agricultura |
||
| 041 | _a(Pt) | ||
| 072 |
_aE30; E10 _b9000 _bG302 |
||
| 090 | _aE30 BR6200182 | ||
| 100 | 1 | _aChacel, J.M. (ed.) | |
| 111 | 1 |
_a7. Conferencia da FAO para America Latina _cRio de Janeiro, GB (Brazil) _d17 Nov 1962 |
|
| 245 | 1 | _aSituacao atual e problemas basicos na agricultura na America Latina | |
| 260 | 3 |
_aRio de Janeiro, GB (Brasil): _c1962. |
|
| 500 | _aDocumentos basicos da delegacao brasileira a 7. Conferencia da FAO para America Latina Rio de Janeiro, GB (Brasil): 1962. p. 1-18 (BR6200182-AM)E30 | ||
| 650 | _aDESENVOLVIMENTO AGRICOLA | ||
| 650 | _aDESENVOLVIMENTO ECONOMICO | ||
| 650 | _aECONOMIA AGRICOLA | ||
| 650 | _aESTRUTURA AGRARIA | ||
| 650 | _aALIMENTO | ||
| 650 | _aCONSUMO | ||
| 650 | _aPRECO | ||
| 650 | _aPROPRIEDADE RURAL | ||
| 773 | 0 |
_tDocumentos basicos da delegacao brasileira a 7. Conferencia da FAO para America Latina _wE30 BR6200182 _gRio de Janeiro, GB (Brasil), 1962. p. 1-18 |
|
| 909 |
_a202404 _bLucia _c55 _dLucia Elande |
||
| 942 |
_cAM _2AGRIS |
||
| 999 |
_c303594 _d303594 |
||